Normal view MARC view

Entry Personal Name

Number of records used in: 2

001 - CONTROL NUMBER

  • control field: 87020

003 - CONTROL NUMBER IDENTIFIER

  • control field: dpl

005 - DATE AND TIME OF LATEST TRANSACTION

  • control field: 20260129110805.0

008 - FIXED-LENGTH DATA ELEMENTS

  • fixed length control field: 260129|| aca||aabn | a|a d

040 ## - CATALOGING SOURCE

  • Original cataloging agency: dpl
  • Transcribing agency: dpl

100 ## - HEADING--PERSONAL NAME

  • Personal name: मलिक, कुलदीप

670 ## - SOURCE DATA FOUND

  • Source citation: Work cat.: (dpl)214621: मलिक, कुलदीप, खेल प्रश्नोत्तरी /, 2021

© Delhi Public Library
Hit Counter
free hit counter